| 000 | 01460nam a22002535i 4500 | ||
|---|---|---|---|
| 001 | 152976 | ||
| 003 | ES-MaACL | ||
| 005 | 20250723063351.0 | ||
| 008 | 040907q17051799sp |||| | spa d | ||
| 040 |
_aCAM _bspa _cCAM |
||
| 080 | _a811.134.2'36 | ||
| 100 | 1 |
_aCaro y Cejudo, Jerónimo Martín, _d1630-1712 _eaut _9126345 |
|
| 245 | 1 | 0 |
_aExplicacion del libro IV y V del arte nuevo de gramatica : _ben que tambien se contiene la explicacion de la construccion figurada, relativos & c. y muchas frases sacadas de los autores latinos : con nuevas adiciones en el cuerpo del libro y los tratados de los yerros y descuidos mas notables de la primera y segunda parte del Speculum Grammaticorum / _cpor el maestro Geronimo Martin Caro y Cejudo...; corregida por Francisco de Cepeda... |
| 260 |
_aEn Madrid : _bpor la viuda de Joseph Garcia : _ba costa de la Real Compañia de Impresores y Libreros, _c[entre 1705 y 1799] |
||
| 300 |
_a[14], 471 páginas ; _c8º. |
||
| 596 | _aPalau t.III fecha las ediciones de esta obra entre 1705 y 1799 | ||
| 597 | _aSign.: ¶7, A-2F8, 2G4. | ||
| 650 | 4 |
_aLengua española- _xGramática. _914161 |
|
| 700 | 1 |
_aCepeda, Francisco de, _ds. XVIII _937429 _ecrr |
|
| 852 |
_aES-MaACL _cDEPO2 _fEx-libris ms. de Josef Villanova _fEx-libris ms. de Blas Figueroa _fEx-libris ms. de Pedro Alcántara Salgado _jF-2182 _xHolandesa |
||
| 942 |
_2udc _cMONANT _n0 |
||
| 999 |
_c152976 _d152976 |
||